000
00335 a2200157 4500
001
44855
020
_a
040
_c
Anchieta - Aquarius
100
_a
Brasileiro, Jonar
240
1
0
_a
Cartinha da Terra
_l
por
245
1
0
_a
Cartinha da Terra
300
_a
362
0
_a
2006
650
4
_a
Literatura infanto-juvenil
942
_c
BK
999
_c
44855
_d
44855